000 00447nam a2200133Ia 4500
008 170516s9999 xx 000 0 und d
245 _a Multi-voxel proton magnetic resonance spectroscopy changes in neuropsychiatric lupus patients
260 _bSouth African Journal of Radiology
260 _c2016
300 _a20:1
650 _xRadiologic Technology
650 _xRadtech
856 _uhttp://www.sajr.org.za/index.php/sajr/issue/view/54
999 _c332048
_d332048